Statistics for Locally Southerly Capitals

Click here to take the quiz!

General Stats

  • This quiz has been taken 23 times
  • The average score is 9 of 17

Answer Stats

NCapital City% Correct
18Santiago
94%
20Montevideo
89%
20Wellington
89%
19Buenos Aires
89%
19Canberra
89%
18Jakarta
89%
18Singapore
67%
18Nuku'alofa
56%
20Maseru
56%
19Mbabane
50%
18Maputo
44%
18Quito
39%
18Bogota
39%
18Panama City
28%
19Valletta
11%
20Tripoli
11%
18Rabat
6%

Score Distribution

Percentile by Number Answered

Percent of People with Each Score

Your Score History

You have not taken this quiz